00717cam a2200265 a 450000100090000000300040000900500170001300800410003001000170007102000180008802000310010604000180013704200090015505000260016410000200019024500370021025000120024726000410025930000210030052100070032152600080032865000200033665000130035685600820036915107494ost20140310184514.0071210s2008 nyu c 000 1 eng  a 2007045036 a9780545052641 a9780545052658 (alk. paper) aDLCcDLCdDLC alcac00aPZ 7b.P61464Mel 20101 aPierce, Tamora.10aMelting stones /cTamora Pierce. a1st ed. aNew York :bScholastic Press,c2010. a312 p. ;c22 cm. aG3 c590 1aMagicvFiction. 1aFantasy.413Table of contents onlyuhttp://www.loc.gov/catdir/toc/ecip087/2007045036.html